Schnelles Mathe-Quiz, nur ein kurzes Quiz 12 - Statistiken

Allgemein
  • Dieses Quiz wurde 161 mal gespielt
  • Das Durchschnittsergebnis liegt bei 14 aus 15
Antwortstatistiken
Hint Antwort % Korrekt
2 x 9 = 18
100%
1 x 9 = 9
100%
3 x 9 = 27
99%
4 x 9 = 36
99%
5 x 9 = 45
99%
6 x 9 = 54
98%
7 x 9 = 63
98%
9 x 9 = 81
98%
10 x 9 = 90
98%
8 x 9 = 72
97%
11 x 9 = 99
96%
12 x 9 = 108
93%
13 x 9 = 117
93%
14 x 9 = 126
92%
15 x 9 = 135
89%
Keine übereinstimmenden Quizze gefunden
Verteilung der Resultate
Anzahl Personen mit jedem Resultat
Perzentil nach korrekt beantworteten Fragen
Ihre Resultats-Entwicklung
Sie haben dieses Quiz noch nicht gespielt